000 00676nam a22002177a 4500
005 20170124110206.0
010 _aA-820676
020 _c180.00
035 _aA-820676
037 _bCen Lib/Ret
040 _aDPL
_bEN
082 _a001.6424
_bABH
100 _aAbhyankar, A.K.
_937313
245 _aComputer applications with fortrain programs /
_cby A.K.Abhyankar
260 _aPune
_bC-Aditi Publications
_c1996
270 _a696, Narayan Path Phadke Wada Near Akshata Laxmi Road
_bPune
300 _aVarious Pages
_c21cm(Hb)
650 _aComputer applications
_937314
650 _a Fortran programs
_937315
942 _2ddc
_cEN
_h001.6424
_mABH
999 _c133237
_d133237